Lug̲h̲āt-i ṭịbb. (Record no. 79881)

MARC details
000 -LEADER
fixed length control field 00709cam a22002651 4500
001 - CONTROL NUMBER
control field sa 68003966
003 - CONTROL NUMBER IDENTIFIER
control field DLC
005 - DATE AND TIME OF LATEST TRANSACTION
control field 20260227112458.0
008 - FIXED-LENGTH DATA ELEMENTS--GENERAL INFORMATION
fixed length control field 900102s1966 pk d 000 0 urdr
010 ## - LIBRARY OF CONGRESS CONTROL NUMBER
LC control number sa 68003966
035 ## - SYSTEM CONTROL NUMBER
System control number (OCoLC)20838875
040 ## - CATALOGING SOURCE
Original cataloging agency DLC
Transcribing agency WaU
Modifying agency DLC
041 0# - LANGUAGE CODE
Language code of text/sound track or separate title urdeng
042 ## - AUTHENTICATION CODE
Authentication code premarc
050 00 - LIBRARY OF CONGRESS CALL NUMBER
Classification number R121
Item number .G48
100 0# - MAIN ENTRY--PERSONAL NAME
Personal name Ghulam Nabi,
Dates associated with a name 1915-
245 10 - TITLE STATEMENT
Title Lug̲h̲āt-i ṭịbb.
260 ## - PUBLICATION, DISTRIBUTION, ETC.
Date of publication, distribution, etc. [1966]
300 ## - PHYSICAL DESCRIPTION
Extent 8, 508 p.
Dimensions 25 cm.
500 ## - GENERAL NOTE
General note Cover title: A dictionary of medical terms.
500 ## - GENERAL NOTE
General note English and Urdu.
650 #0 - SUBJECT ADDED ENTRY--TOPICAL TERM
Topical term or geographic name entry element Medicine
Form subdivision Dictionaries.
650 #0 - SUBJECT ADDED ENTRY--TOPICAL TERM
Topical term or geographic name entry element English language
General subdivision Dictionaries
-- Urdu.
740 0# - ADDED ENTRY--UNCONTROLLED RELATED/ANALYTICAL TITLE
Uncontrolled related/analytical title Dictionary of medical terms.

No items available.

Powered by Koha